All JISOO songs - Statistics

General Stats
  • This quiz has been taken 37 times
  • The average score is 5 of 6
Answer Stats
Hint Answer % Correct
s Earthquake
97%
s Flower
97%
s All Eyes On Me
93%
s Hugs & Kisses
86%
ss Your Love
86%
s Tears
83%
No matching quizzes found
Score Distribution
Percent of People with Each Score
Percentile by Number Answered
Your Score History
You have not taken this quiz